MARC

LEADER 00000nam0a2200000 4500
001 367634
005 20231102012013.0
035 |a (RuTPU)RU\TPU\retro\24997 
090 |a 367634 
100 |a 20220317d1965 k y0rusy50 ca 
101 0 |a rus 
102 |a RU 
105 |a a z 001zy 
200 1 |a Уран и торий в магматических породах Кузбасса  |e [отдельный оттиск]  |f Д. К. Осипов, Р. С. Журавлев 
210 |a Москва  |c [Б. и.]  |d 1965 
215 |a С. 619-623  |c ил. 
225 1 |a Геохимия  |v № 5 
316 |5 63413507: КР-7330  |a На обложке дарственная надпись: "Дорогому Владимиру Константиновичу [Черепнину] Д. Осипов" 
317 |5 63413507: КР-7330  |a Поступил в НТБ в 2021 г. в дар от семьи профессора ТПУ Л. П. Рихванова 
320 |a Библиогр.: с. 622-623 
606 1 |a Уран  |x Геохимия  |2 stltpush  |3 (RuTPU)RU\TPU\subj\80387  |9 88112 
606 1 |a Торий  |x Геохимия  |2 stltpush  |3 (RuTPU)RU\TPU\subj\61032  |9 78240 
610 1 |a Кузбасс 
610 1 |a магматические породы 
610 1 |a Библиотека Л. П. Рихванова 
610 1 |a дарственные надписи 
610 1 |a дары автора 
610 1 |a дары библиотеке 
675 |a 550.42:546.7  |v 4 
675 |a 550.42:546.8  |v 4 
700 1 |a Осипов  |b Д. К. 
701 1 |a Журавлев  |b Р. С. 
801 1 |a RU  |b 63413507  |c 20220317 
801 2 |a RU  |b 63413507  |c 20221005  |g RCR 
942 |c BK